20 Common Amino Acids - Statistics

General Stats
  • This quiz has been taken 25 times
  • The average score is 16 of 20
Answer Stats
Amino Acid % Correct
Leucine
95%
Glutamic Acid
89%
Tyrosine
89%
Aspartic Acid
84%
Glycine
84%
Isoleucine
84%
Lysine
84%
Valine
84%
Alanine
79%
Methionine
79%
Phenylalanine
79%
Arginine
74%
Glutamine
74%
Proline
74%
Serine
74%
Tryptophan
74%
Asparagine
68%
Cysteine
68%
Histidine
68%
Threonine
63%
No matching quizzes found
Score Distribution
Percent of People with Each Score
Percentile by Number Answered
Your Score History
You have not taken this quiz